| 000 | 01135cam a2200241 4500500 | ||
|---|---|---|---|
| 005 | 20251228073411.0 | ||
| 041 | _afre | ||
| 042 | _adc | ||
| 100 | 1 | 0 |
_aLemonnier, Brigitte _eauthor |
| 245 | 0 | 0 | _aParoles meurtrières |
| 260 | _c2004. | ||
| 500 | _a59 | ||
| 520 | _aRésumé Un sujet affirme que ses deux passages à l’acte suicidaires ont eu pour motif un énoncé très précis de la part d’un tiers. Pourquoi ces énoncés ont-ils eu un poids ? L’étude de la logique de ce cas clinique tente de répondre à cette question. | ||
| 520 | _aA subject asserts that his two suicidal passages to the act were prompted by the statement of someone. Why should such statements be so active ? The analysis of the logic underlying this clinical case means to answer this question. | ||
| 690 | _aà l'acte. | ||
| 690 | _aïa | ||
| 690 | _aSuicide | ||
| 690 | _aparanoia | ||
| 690 | _apassage to the act. | ||
| 690 | _aSuicide | ||
| 786 | 0 | _nSavoirs et clinique | 5 | 2 | 2004-10-01 | p. 27-34 | 1634-3298 | |
| 856 | 4 | 1 | _uhttps://shs.cairn.info/revue-savoirs-et-cliniques-2004-2-page-27?lang=fr&redirect-ssocas=7080 |
| 999 |
_c1595173 _d1595173 |
||